书目信息 |
| 题名: |
智能建造概论
|
|
| 作者: | 尤志嘉 , 吴琛 , 郑莲琼 著 | |
| 分册: | ||
| 出版信息: | 北京 中国建材工业出版社 2021.12 |
|
| 页数: | 106页 | |
| 开本: | 24cm | |
| 丛书名: | ||
| 单 册: | ||
| 中图分类: | TU-39 | |
| 科图分类: | ||
| 主题词: | 智能技术--zhi neng ji shu--应用--土木工程--概论 | |
| 电子资源: | ||
| ISBN: | 978-7-5160-3335-7 | |
| 000 | 01136nam0 2200265 450 | |
| 001 | 27492 | |
| 005 | 20220921150222.46 | |
| 010 | @a978-7-5160-3335-7@dCNY40.00 | |
| 100 | @a20220228d2021 em y0chiy50 ea | |
| 101 | 0 | @achi |
| 102 | @aCN@b110000 | |
| 105 | @aa a 000yy | |
| 200 | 1 | @a智能建造概论@Azhi neng jian zao gai lun@f尤志嘉, 吴琛, 郑莲琼著 |
| 210 | @a北京@c中国建材工业出版社@d2021.12 | |
| 215 | @a106页@c图@d24cm | |
| 314 | @a尤志嘉, 福建工程学院副教授, 硕士研究生导师。 | |
| 320 | @a有书目 (第103-106页) | |
| 330 | @a本书以工业革命发展历史的视角阐释智能建造的内涵, 分析第四次工业革命 (即“工业4.0”) 给我国建筑业转型升级带来的机遇与挑战。在基础理论研究层面, 就智能建造的基本概念、参考架构、工作机理、运行机制、集成模式、业务场景、实施路径与评价机制等问题开展研究, 揭示智能技术驱动建筑业创新生产组织方式的机理, 推动建立智能建造基础理论体系。 | |
| 606 | 0 | @a智能技术@Azhi neng ji shu@x应用@x土木工程@x概论 |
| 690 | @aTU-39@v5 | |
| 701 | 0 | @a尤志嘉@Ayou zhi jia@4著 |
| 701 | 0 | @a吴琛@Awu chen@4著 |
| 701 | 0 | @a郑莲琼@Azheng lian qiong@4著 |
| 801 | 0 | @aCN@c20220910 |
| 905 | @a河南城建学院图书馆@dTU-39@eY669@f2 | |
| 智能建造概论/尤志嘉, 吴琛, 郑莲琼著.-北京:中国建材工业出版社,2021.12 |
| 106页:图;24cm |
| ISBN 978-7-5160-3335-7:CNY40.00 |
| 本书以工业革命发展历史的视角阐释智能建造的内涵, 分析第四次工业革命 (即“工业4.0”) 给我国建筑业转型升级带来的机遇与挑战。在基础理论研究层面, 就智能建造的基本概念、参考架构、工作机理、运行机制、集成模式、业务场景、实施路径与评价机制等问题开展研究, 揭示智能技术驱动建筑业创新生产组织方式的机理, 推动建立智能建造基础理论体系。 |
| ● |
| 相关链接 |
|
|
|
正题名:智能建造概论
索取号:TU-39/Y669
 
预约/预借
| 序号 | 登录号 | 条形码 | 馆藏地/架位号 | 状态 | 备注 |
| 1 | 1579639 | 215796397 | 建筑库101/101建筑库 89排2列3层/ [索取号:TU-39/Y669] | 在馆 | |
| 2 | 1579640 | 215796404 | 建筑库101/101建筑库 89排2列3层/ [索取号:TU-39/Y669] | 在馆 |